000 01438nam a2200349 a 4500
001 ebr10541044
003 CaPaEBR
006 m u
007 cr cn|||||||||
008 111102s2012 enka sb 001 0 eng d
010 _z 2011044436
020 _z9781409439486
020 _z9781409446217 (e-book)
040 _aCaPaEBR
_cCaPaEBR
035 _a(OCoLC)781626815
050 1 4 _aNX449
_b.E58 2012eb
082 0 4 _a700.9/02
_223
245 0 0 _aEnvisioning experience in late antiquity and the Middle Ages
_h[electronic resource] :
_bdynamic patterns in texts and images /
_cedited by Giselle de Nie and Thomas F.X. Noble.
260 _aFarnham, England ;
_aBurlington, Vt. :
_bAshgate,
_cc2012.
300 _a171 p. :
_bill.
504 _aIncludes bibliographical references and index.
533 _aElectronic reproduction.
_bPalo Alto, Calif. :
_cebrary,
_d2011.
_nAvailable via World Wide Web.
_nAccess may be limited to ebrary affiliated libraries.
650 0 _aArts, Medieval
_xThemes, motives.
650 0 _aArts
_xPsychological aspects.
650 0 _aImagery (Psychology) in literature.
650 0 _aArt and literature
_xHistory
_yTo 1500.
655 7 _aElectronic books.
_2local
700 1 _aNie, Giselle de.
700 1 _aNoble, Thomas F. X.
710 2 _aebrary, Inc.
856 4 0 _uhttp://site.ebrary.com/lib/rucke/Doc?id=10541044
_zAn electronic book accessible through the World Wide Web; click to view
999 _c246163
_d246163